000 00370nam a22001217a 4500
040 _cHS
082 _a634
100 _aNA
245 _aIntermediate frut culture training curriculum មេរៀនបណ្តុះបណ្តាលដំណាំឈើហូបផ្លែ(កំរិតមធ្យម)
260 _aNA
_bNA
_c1997
300 _a80pp;
942 _cKB
999 _c9588
_d9588